STRATEGIC FLEXIBILITY (Record no. 4459)

MARC details
000 -LEADER
fixed length control field 00329nam a22001337a 4500
008 - FIXED-LENGTH DATA ELEMENTS--GENERAL INFORMATION
fixed length control field 250811b |||||||| |||| 00| 0 eng d
020 ## - INTERNATIONAL STANDARD BOOK NUMBER
ISBN 0669102229
100 ## - MAIN ENTRY--AUTHOR
Author HARRIGAN RUDIE KATHRYN
245 ## - TITLE STATEMENT
Title STRATEGIC FLEXIBILITY
260 ## - PUBLICATION, DISTRIBUTION, ETC. (IMPRINT)
Place of publication CANADA
Name of publisher LEXINGTON BOOKS
Date of publication 1985
300 ## - COLLATION
Pagination 208p.
942 ## - ADDED ENTRY ELEMENTS (KOHA)
Item type Books
050 ## - LIBRARY OF CONGRESS CALL NUMBER
Classification number HD 58.8
Item number .H37
Holdings
Source of classification or shelving scheme Not for loan Permanent location Current location Date acquired Accession No. Full call number Barcode. Koha item type
Library of Congress Classification   Samuel Ogbemudia Main Library, University of Abuja Samuel Ogbemudia Main Library, University of Abuja 08/11/2025 2017/49941 HD 58.8 .H37 2025-3240 Books